000 00370pab a2200145 454500
008 180718b2003 xxu||||| |||| 00| 0 eng d
100 _aMohan, T.T. Ram
245 _aA more relaxed view of fiscal consolidation
260 _c2003
300 _ap.1014-015.
362 _a15 Mar
650 _aPublic finance
773 _aEconomic and Political Weekly
909 _a55800
999 _c55800
_d55800